| 000 | 00826nam a2200241 u 4500 | ||
|---|---|---|---|
| 005 | 20241016063750.0 | ||
| 008 | 100427s2006 r 000 0 eng d | ||
| 020 | _a8427714645 (10 dígitos) | ||
| 020 | _a9788427714649 (13 dígitos) | ||
| 035 | _aUPN01000175534 | ||
| 049 | _aCG | ||
| 050 | 4 |
_aBF723 S3 _bL3.2 |
|
| 100 | 1 | _aLaporte, Danielle | |
| 245 | 1 | 0 |
_aAutoimagen, autoestima y socialización : _bguía práctica con niños de 0 a 6 años / _cDanielle Laporte ; tr. Carolina Ballester. |
| 260 |
_aMadrid : _bNarcea, _cc2006. |
||
| 300 |
_a140 p. : _bil. |
||
| 440 | 0 | _aPrimeros años | |
| 534 |
_pTítulo original: _tPour favoriser l¨estime de soi des touts-petits |
||
| 650 | 0 |
_aAutoestima en niños _9356 |
|
| 650 | 4 |
_aAUTOIMAGEN CORPORAL _92921 |
|
| 650 | 4 |
_aSocialización del niño _93953 |
|
| 905 | _aLibro | ||
| 999 |
_c147638 _d147638 |
||